000 00280nam a22001337a 4500
008 170930b xxu||||| |||| 00| 0 eng d
020 _a9780547593777
041 _aeng
080 _a37
100 _a47
101 _aEDU
245 _aFUSION
_cTEACHER EDITION
942 _2udc
_cBK
999 _c31043
_d31043